| 000 | 00590nam a22001817a 4500 | ||
|---|---|---|---|
| 999 |
_c187539 _d187539 |
||
| 005 | 20220422131624.0 | ||
| 010 | _aENG-132356 | ||
| 020 |
_a9789383051632 _c125.00 |
||
| 035 | _aEN-115888 | ||
| 037 | _bDBAD/PUB | ||
| 082 | _a394.26 | ||
| 100 | _aRamesh, B.G | ||
| 245 |
_aWorld Important Days & National Days/ _cB.G.Ramesh |
||
| 260 |
_aChennai _bUnique Media Intergrators _c2015 |
||
| 270 |
_aNo.8,6th Cross, 8th Main Road, Vaishnavi Nagar, Thriumullaivoyal _bChennai _e600109 _mumi.infobooks@gmail.com |
||
| 300 |
_a136p. _c22cm(pbk) |
||
| 942 |
_2ddc _cEN _h394.26 _mRAM |
||